Príprava a vlastnosti halogenosalicylátov meďnatých s niektorými heterocyklickými N-ligandmi

Saved in:
Bibliographic Details
Main Author: Martiška, Ladislav, 1978- (Author)
Format: Manuscript Book
Language:Slovak
Published: Bratislava : STU v Bratislave FCHPT, 2002
Edition:Obháj.: 5.6.2002
Tags: Add Tag
No Tags, Be the first to tag this record!

MARC

LEADER 00000ntm a22000003a 4500
001 stu76331
005 20150617225645.7
008 020627s2002----xo------------------slo-d
040 |a STU  |b slo 
041 0 |a slo 
044 |a xo 
100 1 |a Martiška, Ladislav,  |d 1978-  |4 aut  |u C2190  |U FCHPT Ústav anorganickej chémie, technológie a materiálov  |T FCHPT Oddelenie anorganickej chémie  |X 12765  |U C2190  |Y 112  |7 A000012765 
245 1 |a Príprava a vlastnosti halogenosalicylátov meďnatých s niektorými heterocyklickými N-ligandmi 
250 |a Obháj.: 5.6.2002 
260 |a Bratislava :  |b STU v Bratislave FCHPT,  |c 2002 
300 |a 51 s. Tab.,grafy,lit 
500 |a Špec.: Anorganická chémia 
996 |b 284C026971  |c C*D13496  |l CCI  |s A  |a 24  |w stu76331_0001